000 01293nam a2200361 i 4500
005 20220317002010.0
007 ta
008 201105s2020 ck a|||j |||| 00| pdspa d
020 _a9789584287052
020 _a9584287052
040 _aCO-BoRNBP
_bspa
_cCO-BoRNBP
_erda
041 0 _aspa
084 _aP PAC10
100 1 _aPacheco, Jarhat
_d1992-
_eautora
245 1 3 _aLa guerra que aposté en mi contra
_bJarhat Pacheco ; ilustraciones Carolina Rodríguez Fuenmayor
250 _aPrimera edición
264 1 _aBogotá
_bPlaneta colombiana
_bEspasa
_c2020
300 _a98 páginas
_bilustraciones
_c22 cm
336 _2rdacontent
_atexto
_btxt
337 _2rdamedia
_asin mediación
_bn
338 _2rdacarrier
_avolumen
_bnc
490 _aEspasa es poesía
521 _aRecomendado para un público mayor de 15 años
545 _aIncluye datos biográficos de la autora e ilustradora al final del texto
650 1 7 _2LEMB
_aPoesía juvenil colombiana
_ySiglo XXI
650 1 7 _2LEMB
_aLiteratura juvenil colombiana
_ySiglo XXI
650 1 7 _2LEMB
_aAutores colombianos
_ySiglo XXI
650 1 7 _2LEMB
_aAutoestima
_vPoesía
650 1 7 _2LEMB
_aAmor
_vPoesía
650 1 7 _2LEMB
_aPaz
_vPoesía
700 1 _aRodríguez Fuenmayor, Carolina
_eIlustradora
_9160072
942 _2loc
_cBKLIT
999 _c8839
_d8839